00547nam a22001577a 450000500170000001000150001702000270003203500140005903700090007308200110008210000250009324500610011826000510017927001310023030000280036120240703164621.0 aENG-140744 c2795.00a9788195676965 aEN-124276 bDBAD a631.81 aChattopadhyay, P. K. aFertilizers Manufacturing Handbook/cP. K. Chattopadhyay aDelhibNiir Project Consultancy Servicesc2019 bDelhia106-E, Opp. Spark Mall, Kamla Nagare110007k01123842955k01123845886k08800733955mnpcs.india@gmail.comminfo@niir.org axviii, 434p.c21cm (pb)